[Event "FICGS W-ch st1 g07 email"]
[Site "FICGS email"]
[Date "2008.07.29"]
[Round "1"]
[White "Broccardo, Nicola"]
[Black "Thomas, Joseph"]
[Result "1-0"]
[WhiteElo "1611"]
[BlackElo "1851"]
[PlyCount "21"]
[EventDate "2008.??.??"]
[EventType "tourn (corr)"]
[EventRounds "8"]
[SourceTitle "Corr 2022"]
[Source "ChessBase"]
[SourceDate "2021.10.24"]
[SourceVersion "1"]
[SourceVersionDate "2021.10.24"]
[SourceQuality "1"]

1. c4 f5 2. Nc3 Nf6 3. Nf3 g6 4. g3 d6 5. Bg2 Bg7 6. d4 0-0 7. 0-0 c6 8. Bg5 h6 9. Bxf6 Bxf6 10. e4 fxe4 11. Nxe4 1-0

[Event "FICGS W-ch st1 g07 email"]
[Site "FICGS email"]
[Date "2008.07.29"]
[Round "1"]
[White "Broniek, Mariusz Maciej"]
[Black "Thomas, Joseph"]
[Result "1-0"]
[WhiteElo "2055"]
[BlackElo "1851"]
[PlyCount "25"]
[EventDate "2008.??.??"]
[EventType "tourn (corr)"]
[EventRounds "8"]
[SourceTitle "Corr 2022"]
[Source "ChessBase"]
[SourceDate "2021.10.24"]
[SourceVersion "1"]
[SourceVersionDate "2021.10.24"]
[SourceQuality "1"]

1. e4 c5 2. Nf3 Nf6 3. e5 Nd5 4. Nc3 e6 5. Nxd5 exd5 6. d4 Qb6 7. Be2 cxd4 8. 0-0 Nc6 9. c3 d6 10. cxd4 Be7 11. a3 0-0 12. b4 Rd8 13. Bb2 1-0

[Event "FICGS rapid B 000096 email"]
[Site "FICGS email"]
[Date "2008.07.29"]
[Round "1"]
[White "Korshunov, Igor"]
[Black "Thomas, Joseph"]
[Result "1-0"]
[WhiteElo "1800"]
[BlackElo "1851"]
[PlyCount "33"]
[EventDate "2008.??.??"]
[EventType "tourn (rapid)"]
[EventRounds "6"]
[SourceTitle "Corr 2022"]
[Source "ChessBase"]
[SourceDate "2021.10.24"]
[SourceVersion "1"]
[SourceVersionDate "2021.10.24"]
[SourceQuality "1"]

1. e4 c5 2. Nf3 Nf6 3. e5 Nd5 4. Nc3 e6 5. Ne4 f5 6. Nc3 Nc6 7. Nxd5 exd5 8. d4 d6 9. c3 dxe5 10. Nxe5 Nxe5 11. dxe5 Be7 12. Bb5+ Bd7 13. Be2 Bc6 14. 0-0 Qd7 15. Be3 0-0-0 16. Bd3 Kb8 17. f3 1-0

[Event "FICGS rapid B 000096 email"]
[Site "FICGS email"]
[Date "2008.07.29"]
[Round "1"]
[White "Thomas, Joseph"]
[Black "Jerez, Miriam"]
[Result "1-0"]
[WhiteElo "1851"]
[BlackElo "1800"]
[PlyCount "31"]
[EventDate "2008.??.??"]
[EventType "tourn (rapid)"]
[EventRounds "6"]
[SourceTitle "Corr 2022"]
[Source "ChessBase"]
[SourceDate "2021.10.24"]
[SourceVersion "1"]
[SourceVersionDate "2021.10.24"]
[SourceQuality "1"]

1. e4 e5 2. Nf3 d5 3. Nxe5 Bd6 4. d4 dxe4 5. Nc4 Nf6 6. Be2 0-0 7. Nc3 Bg4 8. Bxg4 Bb4 9. 0-0 Bxc3 10. bxc3 Nc6 11. Bg5 Qd6 12. Nxd6 cxd6 13. Bxf6 gxf6 14. Re1 d5 15. f3 exf3 16. Bxf3 1-0

[Event "FICGS rapid A 000031 email"]
[Site "FICGS email"]
[Date "2007.11.23"]
[Round "1"]
[White "Cuello Camargo, Jose Javier"]
[Black "Thomas, Joseph"]
[Result "0-1"]
[WhiteElo "1800"]
[BlackElo "1981"]
[PlyCount "22"]
[EventDate "2007.??.??"]
[EventType "tourn (rapid)"]
[EventRounds "6"]
[SourceTitle "Corr 2022"]
[Source "ChessBase"]
[SourceDate "2021.10.24"]
[SourceVersion "1"]
[SourceVersionDate "2021.10.24"]
[SourceQuality "1"]

1. e4 c5 2. Nc3 Nc6 3. g3 g6 4. Bg2 Bg7 5. d3 d6 6. Be3 Nf6 7. Nf3 0-0 8. 0-0 Re8 9. h3 a6 10. Qd2 Bd7 11. Bh6 Nd4 0-1

[Event "FICGS rapid A 000031 email"]
[Site "FICGS email"]
[Date "2007.11.23"]
[Round "1"]
[White "Thomas, Joseph"]
[Black "Weglicki, Pawel"]
[Result "1-0"]
[WhiteElo "1981"]
[BlackElo "2000"]
[PlyCount "99"]
[EventDate "2007.??.??"]
[EventType "tourn (rapid)"]
[EventRounds "6"]
[SourceTitle "Corr 2022"]
[Source "ChessBase"]
[SourceDate "2021.10.24"]
[SourceVersion "1"]
[SourceVersionDate "2021.10.24"]
[SourceQuality "1"]

1. c4 Nf6 2. Nc3 e5 3. Nf3 Nc6 4. g3 d5 5. cxd5 Nxd5 6. Bg2 Nxc3 7. bxc3 Bc5 8. 0-0 0-0 9. d3 Bg4 10. Rb1 Rb8 11. h3 Bf5 12. Qa4 Qd7 13. Ng5 Nd4 14. Qxd7 Nxe2+ 15. Kh2 Bxd7 16. Bb2 Bb5 17. c4 Bc6 18. Bxe5 Bd6 19. Ba1 Bc5 20. Bxc6 bxc6 21. Kg2 Nd4 22. Ne4 Ne6 23. Nxc5 Nxc5 24. Bd4 Nxd3 25. Rxb8 Rxb8 26. Bxa7 Re8 27. Rb1 Kf8 28. Rb3 Ne5 29. Bc5+ Kg8 30. Re3 Re6 31. a4 Nxc4 32. Rc3 Na5 33. Bb4 Re5 34. f4 Rd5 35. Rc5 Rxc5 36. Bxc5 Nc4 37. Bb4 c5 38. Bxc5 f6 39. Kf3 Kf7 40. Ke4 Ke6 41. g4 Kd7 42. Kd5 Na5 43. f5 c6+ 44. Kd4 Nb7 45. h4 g6 46. fxg6 hxg6 47. h5 gxh5 48. gxh5 Ke6 49. Kc4 f5 50. Be3 1-0

[Event "FICGS rapid A 000028 email"]
[Site "FICGS email"]
[Date "2007.10.06"]
[Round "1"]
[White "Denchev, Stanimir"]
[Black "Thomas, Joseph"]
[Result "0-1"]
[WhiteElo "1800"]
[BlackElo "1800"]
[PlyCount "34"]
[EventDate "2007.??.??"]
[EventType "tourn (rapid)"]
[EventRounds "6"]
[SourceTitle "Corr 2022"]
[Source "ChessBase"]
[SourceDate "2021.10.24"]
[SourceVersion "1"]
[SourceVersionDate "2021.10.24"]
[SourceQuality "1"]

1. d4 Nf6 2. Nf3 e6 3. Nc3 c5 4. d5 exd5 5. Nxd5 Nxd5 6. Qxd5 Nc6 7. e4 Be7 8. Bf4 d6 9. Bb5 Qa5+ 10. c3 Qxb5 11. 0-0-0 Be6 12. Qd2 Bxa2 13. Bxd6 Na5 14. Qf4 Nc4 15. b4 Qa4 16. Rd5 Bb3 17. Nd2 Qa3+ 0-1

[Event "FICGS rapid A 000028 email"]
[Site "FICGS email"]
[Date "2007.10.06"]
[Round "1"]
[White "Leonard, Andrew"]
[Black "Thomas, Joseph"]
[Result "1-0"]
[WhiteElo "1932"]
[BlackElo "1800"]
[PlyCount "113"]
[EventDate "2007.??.??"]
[EventType "tourn (rapid)"]
[EventRounds "6"]
[SourceTitle "Corr 2022"]
[Source "ChessBase"]
[SourceDate "2021.10.24"]
[SourceVersion "1"]
[SourceVersionDate "2021.10.24"]
[SourceQuality "1"]

1. e4 c5 2. Nf3 e6 3. Nc3 a6 4. Be2 Nc6 5. d4 cxd4 6. Nxd4 Qc7 7. f4 Bc5 8. Be3 d6 9. Qd2 Nge7 10. 0-0-0 0-0 11. a3 b5 12. Nb3 Bxe3 13. Qxe3 Rb8 14. Rd2 f5 15. Qd3 Rd8 16. exf5 Nxf5 17. g4 Nfe7 18. Ne4 d5 19. Ng5 Ng6 20. Rf1 e5 21. fxe5 Ncxe5 22. Qg3 Rb7 23. Nd4 Qb6 24. c3 Re7 25. h4 h6 26. Nf5 Ree8 27. Nf3 Nc4 28. Bxc4 dxc4 29. Rxd8 Qxd8 30. h5 Bxf5 31. gxf5 Nf8 32. Nd4 Nh7 33. Kb1 Ng5 34. Ka1 Kh7 35. Ka2 Qf6 36. Qc7 Ne4 37. Rd1 Ng5 38. Qa7 Kh8 39. Qd7 Rd8 40. Qb7 Re8 41. Qh1 Ne4 42. Re1 Qe5 43. Ka1 Qd5 44. Qf3 Re5 45. Qf4 Re8 46. Qc7 Kh7 47. Qa7 Qd6 48. Ne6 Rg8 49. Qb7 Nf6 50. Ka2 Kh8 51. Nd4 Qd5 52. Qc7 Qd7 53. Qb6 Ra8 54. Re6 Nxh5 55. Rd6 Qe8 56. Ne6 b4 57. cxb4 1-0

[Event "FICGS rapid A 000028 email"]
[Site "FICGS email"]
[Date "2007.10.06"]
[Round "1"]
[White "Thomas, Joseph"]
[Black "Riha, Josef"]
[Result "1-0"]
[WhiteElo "1800"]
[BlackElo "1948"]
[PlyCount "113"]
[EventDate "2007.??.??"]
[EventType "tourn (rapid)"]
[EventRounds "6"]
[SourceTitle "Corr 2022"]
[Source "ChessBase"]
[SourceDate "2021.10.24"]
[SourceVersion "1"]
[SourceVersionDate "2021.10.24"]
[SourceQuality "1"]

1. c4 Nf6 2. Nc3 e5 3. Nf3 Nc6 4. g3 d5 5. cxd5 Nxd5 6. Bg2 Nb6 7. 0-0 Be7 8. a3 0-0 9. b4 Be6 10. d3 a5 11. b5 Nd4 12. Nxe5 Bf6 13. f4 Nb3 14. Be3 Nxa1 15. Qxa1 Nd5 16. Bd4 Bxe5 17. Bxe5 f6 18. Nxd5 Bxd5 19. Bxc7 Qxc7 20. Bxd5+ Kh8 21. Kg2 Rfd8 22. Bf3 Qb6 23. a4 Rac8 24. Rc1 Qe3 25. Rc3 Re8 26. Qb2 b6 27. Rc6 Rcd8 28. Qc3 h6 29. Qc4 Rd7 30. f5 Rdd8 31. Qf4 Qd4 32. Qxd4 Rxd4 33. Rxb6 Rxa4 34. Rd6 Kh7 35. b6 Rb4 36. b7 Re5 37. Rd8 Reb5 38. Bd5 g5 39. Rd7+ Kh8 40. e4 a4 41. Kf3 h5 42. h4 g4+ 43. Ke3 a3 44. Rd8+ Kh7 45. Ra8 Rxb7 46. Bxb7 Rxb7 47. Rxa3 Rb2 48. Kd4 Rg2 49. Ra7+ Kh6 50. Ra6 Kg7 51. Kd5 Rxg3 52. Ke6 Rxd3 53. e5 fxe5 54. f6+ Kg6 55. Ra8 Rf3 56. Rg8+ Kh7 57. f7 1-0

[Event "FICGS rapid A 000028 email"]
[Site "FICGS email"]
[Date "2007.10.06"]
[Round "1"]
[White "Thomas, Joseph"]
[Black "Singh, Arun"]
[Result "1-0"]
[WhiteElo "1800"]
[BlackElo "1800"]
[PlyCount "61"]
[EventDate "2007.??.??"]
[EventType "tourn (rapid)"]
[EventRounds "6"]
[SourceTitle "Corr 2022"]
[Source "ChessBase"]
[SourceDate "2021.10.24"]
[SourceVersion "1"]
[SourceVersionDate "2021.10.24"]
[SourceQuality "1"]

1. c4 Nf6 2. Nc3 e6 3. d4 d5 4. Nf3 c6 5. e3 Be7 6. Bd3 0-0 7. 0-0 Nbd7 8. e4 dxe4 9. Nxe4 Nxe4 10. Bxe4 Nf6 11. Bc2 b6 12. Qd3 Bb7 13. Bg5 g6 14. Rfe1 a6 15. Rad1 c5 16. d5 Nxd5 17. Bh6 Nf6 18. Qe3 Qc7 19. Bxf8 Rxf8 20. Ne5 Bd6 21. f4 Nh5 22. Rd2 Ba8 23. Red1 Qb7 24. Be4 Qxe4 25. Qxe4 Bxe4 26. Rxd6 Nxf4 27. Nd7 Bxg2 28. Nxf8 Kxf8 29. Rxb6 Bf3 30. Rd7 a5 31. Ra6 1-0

[Event "FICGS rapid A 000028 email"]
[Site "FICGS email"]
[Date "2007.10.06"]
[Round "1"]
[White "Tsenkov, Lyubomir"]
[Black "Thomas, Joseph"]
[Result "1-0"]
[WhiteElo "2156"]
[BlackElo "1800"]
[PlyCount "97"]
[EventDate "2007.??.??"]
[EventType "tourn (rapid)"]
[EventRounds "6"]
[SourceTitle "Corr 2022"]
[Source "ChessBase"]
[SourceDate "2021.10.24"]
[SourceVersion "1"]
[SourceVersionDate "2021.10.24"]
[SourceQuality "1"]

1. e4 c5 2. Nf3 e6 3. d4 cxd4 4. Nxd4 a6 5. Bd3 Bc5 6. Nb3 Be7 7. 0-0 Nc6 8. Qg4 g6 9. Nc3 Nf6 10. Qh3 d5 11. Bh6 d4 12. Bg7 Rg8 13. Bxf6 Bxf6 14. Na4 e5 15. Qf3 h5 16. Qe2 Kf8 17. c4 Kg7 18. c5 Bg4 19. f3 Bc8 20. Nb6 Rb8 21. Bc4 Bg5 22. Kh1 Re8 23. Nc1 h4 24. Nd3 Qf6 25. Nd5 Qd8 26. b4 h3 27. g3 Be6 28. a4 Bh6 29. Rad1 f6 30. Nb6 Qe7 31. b5 axb5 32. axb5 Bxc4 33. Nxc4 Na7 34. Rb1 Nc8 35. Rbe1 Qd7 36. Qb2 Qe6 37. Qc2 Qd7 38. Qb3 Ra8 39. f4 exf4 40. gxf4 Qg4 41. Qc2 Qd7 42. Qb2 Rd8 43. Rg1 Qf7 44. Qc2 Kh7 45. Rg3 Qe6 46. e5 Rf8 47. exf6 Qd5+ 48. Kg1 Rxf6 49. Rxh3 1-0

[Event "FICGS class C 000030 email"]
[Site "FICGS email"]
[Date "2007.09.30"]
[Round "1"]
[White "Sobrecases, Guy"]
[Black "Thomas, Joseph"]
[Result "1-0"]
[WhiteElo "2015"]
[BlackElo "1800"]
[PlyCount "79"]
[EventDate "2007.??.??"]
[EventType "tourn (corr)"]
[EventRounds "4"]
[SourceTitle "Corr 2022"]
[Source "ChessBase"]
[SourceDate "2021.10.24"]
[SourceVersion "1"]
[SourceVersionDate "2021.10.24"]
[SourceQuality "1"]

1. e4 c5 2. Nf3 e6 3. d3 Nc6 4. Nbd2 d5 5. g3 Nf6 6. Bg2 Be7 7. 0-0 0-0 8. a4 dxe4 9. dxe4 e5 10. c3 Qc7 11. Qc2 Na5 12. b3 Rd8 13. Re1 Be6 14. Ng5 Bd7 15. Ngf3 Rac8 16. h3 h6 17. Ba3 Be6 18. Qb2 Nh7 19. b4 Nc6 20. bxc5 Na5 21. Qb5 Bxc5 22. Bxc5 Qxc5 23. Red1 f6 24. Rac1 a6 25. Qb1 Rd6 26. Nh4 Rcd8 27. Nf1 Nb3 28. Rxd6 Rxd6 29. Rc2 Rd3 30. Nf5 Rxc3 31. Rxc3 Qxc3 32. Ne7+ Kf8 33. Nd5 Qc4 34. a5 Ng5 35. Kh2 Nd4 36. Qxb7 Kg8 37. Nd2 Qe2 38. h4 Nh3 39. Nc7 Bf7 40. Qxa6 1-0